Przestrzeń liturgiczna czternastowiecznego kościoła Franciszkanów w Toruniu
| Titel: | Przestrzeń liturgiczna czternastowiecznego kościoła Franciszkanów w Toruniu |
|---|---|
| Verfasser: | |
| In: |
Album amicorum, (2008), Seite 153-167 alle Artikel anzeigen |
| Veröffentlicht: | 2008 |
| Format: | Aufsatz |
| Sprache: | Polnisch |
X
alg: 39436176 001A $01999:12-11-16 001B $01999:01-06-17 $t17:43:22.000 001D $01999:12-11-16 001U $0utf8 001X $00 002@ $0Aox 003@ $0394361768 007A $0394361768 $aHEB 007T $0Herdkk00042370 010@ $apol 011@ $a2008 021A $aPrzestrzeń liturgiczna czternastowiecznego kościoła Franciszkanów w Toruniu 028A $aKrantz-Domasłowska $dLiliana 031A $h153-167 $j2008 039B $aIn $8--Aau--. Album amicorum. - Toruń : Wydawnictwo Naukowe Uniwersytetu Mikołaja Kopernika, 2008. - 407 S.. - Ill.. - ISBN 83-231-2205-9 $x200800000000000847 $9366207512 lok: 39436176 78 exp: 39436176 78 1 #EPN 201B/01 $030-11-17 $t23:19:00.000 201U/01 $0utf8 203@/01 $0790472279 208@/01 $a12-11-16 $be 209A/01 $a/ $f000 $x00 220C/01 $aHerkunft: PBB/IH PAN 244Z/01 $2Trx $#Poola $#Lenkija $#Polija $#Polen Land $#Poland $#Lengyelország $#Poľsko $#Polsko $8--Trx--Polska$gkraj $x01 $9391345966 244Z/01 $2Trx $#Prusy Wschodnie i Zachodnie $8--Trx--Ost- und Westpreußen $x02 $939113373X 244Z/01 $#Thorun $#Torunė $#Thorn $72024611-0 $8--Tg1--Toruń $x03 $9042779502 244Z/01 $2Trx $#ordud frantsiskaanid $#ordinas pranciškonų $#Order Franciscans $#szerzetesrendek Ferences szerzetesek $#zakony, franciszkanie $#rád, františkáni $#řád, františkáni $#Minoriten $#Bernhardiner $#Franziskaner $#Orden Bernhardiner $#minoryci $#bracia mniejsi $#bernardyni $#franciszkanie $#františkáni $#řád, minorité $#řád, bernardini $8--Trx--Orden$gFranziskaner $x04 $9391382888 244Z/01 $2Trx $#liturgia $#liturgija ? $#liturgy $#liturgia $#liturgia $#liturgia $#liturgie $#Kalender, liturgische $8--Trx--Liturgie $x05 $9391354620 244Z/01 $2Trx $8--Trx--Einzelbeiträge $x06 $9391384570 247C/01 $82080>Marburg/Lahn, Herder-Institut, Forschungsbibliothek, Bibliographieportal $9336309341
| LEADER | 00000caa a22000002c 4500 | ||
|---|---|---|---|
| 001 | 394361768 | ||
| 003 | DE-603 | ||
| 005 | 20170601174322.0 | ||
| 007 | tu | ||
| 008 | 161112s2008 xx |||| | u00||u|pol c | ||
| 035 | |a (DE-599)HEB394361768 | ||
| 040 | |a DE-603 |b ger |c DE-603 |d DE-603 | ||
| 041 | |a pol | ||
| 100 | 1 | |a Krantz-Domasłowska, Liliana | |
| 245 | 0 | 0 | |a Przestrzeń liturgiczna czternastowiecznego kościoła Franciszkanów w Toruniu |
| 264 | 0 | |c 2008 | |
| 773 | 0 | 8 | |i In |t Album amicorum |d Toruń : Wydawnictwo Naukowe Uniwersytetu Mikołaja Kopernika, 2008 |h 407 S., Ill. |z 8323122059 |z 9788323122050 |g (2008), Seite 153-167 |w (DE-603)366207512 |
| 924 | 0 | |9 2080 |a (DE-603)790472279 |b DE-2080 |c HES |d d |g / | |


